Statistiques concernant Focus sur: Peeves - Harry Potter

Cliquez ici pour prendre le quiz!

Statistiques générales

  • Ce quiz a été pris 207 fois
  • Le résultat moyen est 4 sur 5

Statistiques - réponses

Informations recherchéesRéponses% Correct
Première mentionHarry Potter a l'école des sorciers
98%
Ecole "fréquentée"Poudlard
98%
Fantôme le "maîtrisant"Baron Sanglant
92%
Statut du sangEsprit Frappeur
74%
SurnomPeevy
27%

Distribution des résultats

Percentile par nombre de réponses

% des personnes avec chaque résultat

Votre développement - résultats

Vous n’avez pas pris ce quiz